[Event "Ulstudents-ch op"]
[Site "Russia"]
[Date "2012.04.08"]
[Round "8"]
[White "Terentiev, Alexander"]
[Black "Karpeev, Alexander"]
[Result "0-1"]
[WhiteElo "1891"]
[BlackElo "2018"]
[PlyCount "68"]
[EventDate "2012.03.24"]
[EventType "swiss"]
[EventRounds "9"]
[EventCountry "RUS"]
[SourceTitle "EXT 2014"]
[Source "ChessBase"]
[SourceDate "2013.11.20"]
[SourceVersion "1"]
[SourceVersionDate "2013.11.20"]
[SourceQuality "1"]

1. d4 Nf6 2. Nf3 g6 3. g3 Bg7 4. c4 d5 5. cxd5 0-0 6. Bg2 Nxd5 7. 0-0 c6 8. e4 Nb6 9. a4 a5 10. Nc3 N8d7 11. Qb3 e5 12. Bg5 Qc7 13. d5 cxd5 14. Nb5 Qc4 15. Qxc4 dxc4 16. Nc7 Rb8 17. Be7 f6 18. Bxf8 Bxf8 19. Bh3 Nc5 20. Bxc8 Rxc8 21. Nd5 Nxd5 22. exd5 Nd3 23. Rab1 Bb4 24. Rfd1 Bc5 25. Rd2 e4 26. Ne1 Nxe1 27. Rxe1 Bb4 28. Red1 Bxd2 29. Rxd2 Kf8 30. Rc2 f5 31. b3 c3 32. Kf1 Ke7 33. Ke2 Kd6 34. f3 Kxd5 0-1

[Event "Ulstudents-ch op"]
[Site "Russia"]
[Date "2012.03.31"]
[Round "4"]
[White "Golubchikov, Alexey"]
[Black "Karpeev, Alexander"]
[Result "0-1"]
[WhiteElo "1787"]
[BlackElo "2018"]
[PlyCount "106"]
[EventDate "2012.03.24"]
[EventType "swiss"]
[EventRounds "9"]
[EventCountry "RUS"]
[SourceTitle "EXT 2014"]
[Source "ChessBase"]
[SourceDate "2013.11.20"]
[SourceVersion "1"]
[SourceVersionDate "2013.11.20"]
[SourceQuality "1"]

1. d4 Nf6 2. c4 g6 3. Nc3 d5 4. cxd5 Nxd5 5. Nf3 Bg7 6. Nxd5 Qxd5 7. e3 c5 8. Be2 0-0 9. dxc5 Qxc5 10. 0-0 Nc6 11. Qb3 a6 12. Bd2 Na5 13. Qa4 Nc6 14. Rac1 Qa7 15. Bc3 e5 16. h3 b5 17. Qh4 f6 18. Nh2 Be6 19. Bf3 Rac8 20. a3 Bc4 21. Rfd1 Qc7 22. Rd2 Rcd8 23. Rcd1 f5 24. Bd5+ Rxd5 25. Rxd5 Bxd5 26. Rxd5 Ne7 27. Rd1 e4 28. Bxg7 Kxg7 29. g4 f4 30. exf4 Rxf4 31. Qg3 g5 32. Nf1 Qc2 33. Rd7 Kf8 34. Ra7 Ng6 35. Rxa6 Nh4 36. Ra8+ Kf7 37. Ra7+ Ke6 38. Ra6+ Ke5 39. Qc3+ Qxc3 40. bxc3 Nf3+ 41. Kg2 Ne1+ 42. Kg1 Nd3 43. Rb6 Nxf2 44. Rxb5+ Ke6 45. Kg2 Nxh3 46. Kxh3 Rxf1 47. Kg2 Rf4 48. Rf5 e3 49. Rxf4 gxf4 50. a4 Kd5 51. Kf3 Kc4 52. Ke2 h6 53. Ke1 f3 0-1

[Event "Ulstudents-ch op"]
[Site "Russia"]
[Date "2012.03.25"]
[Round "3"]
[White "Karpeev, Alexander"]
[Black "Alachihin, Vladimir"]
[Result "0-1"]
[WhiteElo "2018"]
[BlackElo "2283"]
[PlyCount "62"]
[EventDate "2012.03.24"]
[EventType "swiss"]
[EventRounds "9"]
[EventCountry "RUS"]
[SourceTitle "EXT 2014"]
[Source "ChessBase"]
[SourceDate "2013.11.20"]
[SourceVersion "1"]
[SourceVersionDate "2013.11.20"]
[SourceQuality "1"]

1. e4 e5 2. Nf3 Nf6 3. Nc3 Bb4 4. Bc4 Nc6 5. 0-0 0-0 6. d3 Bxc3 7. bxc3 d5 8. exd5 Nxd5 9. Ba3 Re8 10. Ng5 Qxg5 11. Bxd5 Bg4 12. Qc1 Qg6 13. f3 Bh3 14. Rf2 Rad8 15. Bxc6 bxc6 16. Bc5 a6 17. Qe3 f6 18. Raf1 Bf5 19. Bb4 Qf7 20. a3 Qd7 21. Qc5 Ra8 22. a4 Qd5 23. g4 Qxc5 24. Bxc5 Be6 25. a5 Rab8 26. d4 Rb5 27. Ra1 Bd5 28. Ra4 Rb1+ 29. Kg2 e4 30. Rb4 exf3+ 31. Kh3 Rh1 0-1